Communiquer les dossiers de l’enfance (notice n° 1883998)

détails MARC
000 -LEADER
fixed length control field 01984cam a2200301 4500500
005 - DATE AND TIME OF LATEST TRANSACTION
control field 20260329013842.0
041 ## - LANGUAGE CODE
Language code of text/sound track or separate title fre
042 ## - AUTHENTICATION CODE
Authentication code dc
100 10 - MAIN ENTRY--PERSONAL NAME
Personal name Rivière, Antoine
Relator term author
245 00 - TITLE STATEMENT
Title Communiquer les dossiers de l’enfance
260 ## - PUBLICATION, DISTRIBUTION, ETC.
Date of publication, distribution, etc. 2026.<br/>
500 ## - GENERAL NOTE
General note 75
520 ## - SUMMARY, ETC.
Summary, etc. Depuis quelques décennies, les anciens enfants placés et leurs descendants sont nombreux à chercher dans les archives les bribes de leur histoire conservées par les institutions de la Protection de l’enfance ou de la Justice des mineurs. Face à ce nouveau public, pour lequel la consultation des archives revêt souvent de puissants enjeux mémoriels, affectifs voire identitaires, les archivistes doivent repenser leurs pratiques. Trois archivistes des archives du Tarn-et-Garonne racontent leur expérience et ouvrent les coulisses de la communication des dossiers de l’enfance placée.
520 ## - SUMMARY, ETC.
Summary, etc. In recent decades, many former children in care and their descendants have turned to archives for bits and pieces of their histories preserved by child protection or juvenile justice institutions. Faced with this new audience, for whom consultation of archives often involves powerful issues of memory, emotion and even identity, archivists have had to rethink their practices. Three archivists from the Archives du Tarn-et-Garonne share their experiences and take us behind the scenes of the communication of files on children in care.
690 ## - LOCAL SUBJECT ADDED ENTRY--TOPICAL TERM (OCLC, RLIN)
Topical term or geographic name as entry element archives
690 ## - LOCAL SUBJECT ADDED ENTRY--TOPICAL TERM (OCLC, RLIN)
Topical term or geographic name as entry element histoire familiale
690 ## - LOCAL SUBJECT ADDED ENTRY--TOPICAL TERM (OCLC, RLIN)
Topical term or geographic name as entry element mémoire
690 ## - LOCAL SUBJECT ADDED ENTRY--TOPICAL TERM (OCLC, RLIN)
Topical term or geographic name as entry element protection de l’enfance
690 ## - LOCAL SUBJECT ADDED ENTRY--TOPICAL TERM (OCLC, RLIN)
Topical term or geographic name as entry element archives
690 ## - LOCAL SUBJECT ADDED ENTRY--TOPICAL TERM (OCLC, RLIN)
Topical term or geographic name as entry element child protection
690 ## - LOCAL SUBJECT ADDED ENTRY--TOPICAL TERM (OCLC, RLIN)
Topical term or geographic name as entry element family history
690 ## - LOCAL SUBJECT ADDED ENTRY--TOPICAL TERM (OCLC, RLIN)
Topical term or geographic name as entry element memory
700 10 - ADDED ENTRY--PERSONAL NAME
Personal name Craig, Laure
Relator term author
700 10 - ADDED ENTRY--PERSONAL NAME
Personal name Cras, Anne-Sophie
Relator term author
700 10 - ADDED ENTRY--PERSONAL NAME
Personal name Floreck, Delphine
Relator term author
786 0# - DATA SOURCE ENTRY
Note L'irrégulière | 27 | 1 | 2026-02-16 | p. 105-112 | 1962-9419
856 41 - ELECTRONIC LOCATION AND ACCESS
Uniform Resource Identifier <a href="https://shs.cairn.info/revue-l-irreguliere-2025-1-page-105?lang=fr&redirect-ssocas=7080">https://shs.cairn.info/revue-l-irreguliere-2025-1-page-105?lang=fr&redirect-ssocas=7080</a>

Pas d'exemplaire disponible.

PLUDOC

PLUDOC est la plateforme unique et centralisée de gestion des bibliothèques physiques et numériques de Guinée administré par le CEDUST. Elle est la plus grande base de données de ressources documentaires pour les Étudiants, Enseignants chercheurs et Chercheurs de Guinée.

Adresse

627 919 101/664 919 101

25 boulevard du commerce
Kaloum, Conakry, Guinée

Réseaux sociaux

Powered by Netsen Group @ 2025